Statistiken für Sehenswürdigkeiten ( easy )

Klicken Sie hier um das Quiz zu spielen!

Allgemein

  • Dieses Quiz wurde 244 mal gespielt
  • Das Durchschnittsergebnis liegt bei 19 aus 24

Antwortstatistiken

Antwort% Korrekt
Deutschland
100%
Italien
100%
Vereinigte Staaten
99%
Russland
98%
Australien
97%
Griechenland
96%
Ägypten
95%
Brasilien
95%
China
93%
Indien
91%
Spanien
88%
Frankreich
87%
Vereinigte Arabische Emirate
87%
Peru
83%
Island
80%
Türkei
80%
Vereinigtes Königreich
79%
Mexiko
78%
Kuba
64%
Israel
63%
Chile
55%
Norwegen
55%
Panama
46%
Polen
35%

Verteilung der Resultate

Perzentil nach korrekt beantworteten Fragen

Anzahl Personen mit jedem Resultat

Ihre Resultats-Entwicklung

Sie haben dieses Quiz noch nicht gespielt